[Event "Défi"]
[Site "www.echecsemail.com"]
[Date "2026.02.03"]
[Round "1"]
[White "Tinenfant"]
[Black "Arno"]
[WhiteElo "1880"]
[BlackElo "1780"]
[Result "1-0"]
1.e4 Nb8c6
2.d4 e5
3.d5 Nc6e7
4.c4 Ne7g6
5.Nb1c3 Bf8c5
6.Ng1f3 d6
7.Bf1e2 Ng8e7
8.O-O O-O
9.h3 f5
10.Be2d3 a6
11.a3 f4
12.b4 Bc5a7
13.Bc1b2 Kh8
14.Ra1c1 Ne7g8
15.Qd1d2 Ng6h4
16.Qd2e2 Qd8f6
17.Kh2 Ng8e7
18.Rf1g1 Ne7g6
19.Rc1f1 Nh4xf3
20.Qe2xf3 Ng6h4
21.Qf3d1 Qf6h6
22.g4 Nh4g6
23.Qd1f3 Ng6h4
24.Qf3d1 f3
25.Bb2c1 Nh4g2
26.Bc1xh6 Rf8f6
27.Bh6g5 Rf6g6
28.Bg5c1 Ba7d4
29.Bc1b2 Rg6h6
30.Qd1xf3 Ng2f4
31.Bd3c2 Bc8d7
32.Rg1g3 Ra8f8
33.Nc3d1 Bd4a7
34.c5 Rf8f6
35.Nd1c3 Nf4xd5
36.Qf3d1 Nd5f4
37.Bb2c1 Rh6h4
38.Bc1xf4 Rf6xf4
39.f3 { abandon }1-0

[Event "Défi"]
[Site "www.echecsemail.com"]
[Date "2026.02.03"]
[Round "1"]
[White "Chomi64"]
[Black "Asvel69"]
[WhiteElo "1860"]
[BlackElo "1810"]
[Result "1-0"]
1.d4 d5
2.Ng1f3 h6
3.c4 dxc4
4.Nb1c3 c6
5.e4 b5
6.b3 Ng8f6
7.bxc4 bxc4
8.Bf1xc4 Bc8a6
9.Bc4xa6 Nb8xa6
10.Qd1a4 Nf6d7
11.Qa4xa6 e6
12.Bc1d2 Qd8c7
13.Ra1b1 Ra8b8
14.O-O Bf8e7
15.Rb1xb8 Nd7xb8
16.Qa6c4 O-O
17.Nc3a4 Rf8d8
18.Rf1b1 Nb8d7
19.Bd2b4 Be7xb4
20.Rb1xb4 a5
21.Rb4b1 Rd8b8
22.Rb1xb8 Qc7xb8
23.h3 Qb8b1
24.Kh2 Qb1xe4
25.Na4c5 Qe4f4
26.Kg1 Nd7xc5
27.Qc4xc5 Qf4c7
28.Nf3e5 Kh7
29.Qc5f8 Qc7d6
30.Qf8xd6 { abandon }1-0

[Event "Tournoi n27416"]
[Site "www.echecsemail.com"]
[Date "2026.02.03"]
[Round "1"]
[White "Titi050"]
[Black "Verson"]
[WhiteElo "1780"]
[BlackElo "1840"]
[Result "1-0"]
1.c4 Ng8f6
2.d4 e6
3.Ng1f3 d5
4.Nb1c3 c6
5.e3 Bf8d6
6.Bf1d3 Nb8d7
7.O-O O-O
8.Bc1d2 Bd6c7
9.cxd5 exd5
10.Ra1b1 Rf8e8
11.b4 Nd7f8
12.a4 Bc8g4
13.b5 Nf6e4
14.bxc6 bxc6
15.Bd3e2 Qd8d6
16.g3 Ra8b8
17.Nc3xe4 dxe4
18.Nf3e5 Bg4h3
19.Rb1xb8 Nf8d7
20.Rb8xe8 Nd7f8
21.Be2c4 Bh3e6
22.Bc4xe6 fxe6
23.Qd1h5 { abandon }1-0

[Event "Eq:Avalon-LES CHATTERBOX :"]
[Site "www.echecsemail.com"]
[Date "2026.02.03"]
[Round "1"]
[White "Patau"]
[Black "Mindthegap"]
[WhiteElo "1690"]
[BlackElo "1460"]
[Result "0-1"]
1.e4 e5
2.Ng1f3 Ng8f6
3.Nb1c3 Nb8c6
4.d4 exd4
5.Nc3d5 Nc6b4
6.Bf1c4 Nb4xd5
7.exd5 Bf8b4
8.Bc1d2 Bb4xd2
9.Qd1xd2 Qd8e7
10.Qd2e2 Qe7xe2
11.Kxe2 c5
12.Rh1e1 O-O
13.Kf1 d6
14.Re1e7 b5
15.Bc4xb5 Nf6xd5
16.Re7e8 Rf8xe8
17.Bb5xe8 Bc8a6
18.Kg1 Ra8xe8
19.Ra1e1 Re8xe1
20.Nf3xe1 Nd5f4
21.Ne1d3 Nf4xd3
22.cxd3 c4
23.dxc4 d3
24.Kf1 d2
25.Ke2 Ba6xc4
26.Kxd2 Bc4xa2
27.Kd3 Ba2e6
28.Kd4 Kf8
29.b4 Ke7
30.f4 Kd7
31.h3 h5
{ abandon }0-1

[Event "Coupe Niveau 5"]
[Site "www.echecsemail.com"]
[Date "2026.02.03"]
[Round "1"]
[White "Alain64"]
[Black "Verson"]
[WhiteElo "2090"]
[BlackElo "1830"]
[Result "1-0"]
1.c4 Ng8f6
2.Nb1c3 e6
3.e4 d6
4.Ng1f3 e5
5.d4 exd4
6.Nf3xd4 Bf8e7
7.Bf1d3 O-O
8.O-O Nb8d7
9.f4 c5
10.Nd4f5 a6
11.Bc1e3 b6
12.Qd1c2 Bc8b7
13.Ra1d1 g6
14.Nf5h6 Kg7
15.f5 Nd7e5
16.Nc3d5 Ne5xd3
17.Qc2xd3 b5
18.b3 Bb7c6
19.Rf1f3 Nf6xd5
20.exd5 Bc6d7
21.Be3c1 Be7g5
22.Bc1b2 Bg5f6
23.Bb2xf6 Qd8xf6
24.Nh6g4 Qf6d4
25.Qd3xd4 cxd4
26.f6 Kh8
27.Ng4h6 Ra8e8
28.Rd1xd4 Re8e5
29.h3 Re5h5
30.Nh6g4 Rf8e8
31.Rf3e3 Re8xe3
32.Ng4xe3 Rh5e5
33.Kf2 bxc4
34.Rd4xc4 h5
35.Rc4c7 Bd7e8
36.Rc7a7 Kg8
37.Ra7xa6 { abandon }1-0

[Event "La Diagonale du fou 9"]
[Site "www.echecsemail.com"]
[Date "2026.02.03"]
[Round "1"]
[White "Gimick"]
[Black "Dameroi"]
[WhiteElo "1540"]
[BlackElo "1850"]
[Result "0-1"]
1.e4 e5
2.Ng1f3 Nb8c6
3.Bf1c4 Bf8c5
4.b3 d6
5.c3 Bc8e6
6.Bc4b5 Ng8e7
7.d4 exd4
8.cxd4 Bc5b4
9.Bc1d2 Bb4xd2
10.Nb1xd2 Be6d7
11.Bb5c4 O-O
12.O-O Bd7g4
13.h3 Bg4xf3
14.Nd2xf3 h6
15.Qd1d2 Qd8c8
16.d5 Nc6e5
17.Bc4e2 Ne5xf3
18.Be2xf3 Ne7g6
19.Bf3g4 Qc8e8
20.Rf1e1 Ng6e5
21.Bg4e2 Qe8d7
22.Qd2f4 Ne5g6
23.Qf4g3 Ra8e8
24.a4 Ng6e5
25.Qg3c3 a6
26.Ra1c1 Re8c8
27.f4 Ne5g6
28.Qc3f3 Rf8e8
29.Be2d3 Ng6h4
30.Qf3g3 Qd7e7
31.f5 Qe7g5
32.Qg3xg5 hxg5
33.Re1e3 g6
34.fxg6 Nh4xg6
35.Re3g3 f6
36.h4 Re8e7
37.hxg5 fxg5
38.Rg3xg5 Re7g7
39.Rg5g3 Ng6e5
40.Rg3h3 Rc8f8
41.Rc1f1 Rf8xf1
42.Bd3xf1 Rg7h7
43.Rh3e3 Ne5g4
44.Re3g3 Rh7g7
45.Rg3f3 Rg7f7
46.Rf3c3 a5
47.g3 b6
48.Bf1h3 Rf7g7
49.Kg2 Ng4e5
50.Bh3f5 Kf8
51.Kh3 Rg7e7
52.g4 Kg7
53.g5 Ne5f7
54.Kh4 Nf7d8
55.Kh5 Nd8b7
56.Rc3c4 Nb7c5
57.b4 axb4
58.Rc4xb4 Re7e8
59.Rb4b5 Nc5d3
60.a5 Nd3e5
61.axb6 Re8h8
62.Bf5h7 Rh8xh7
0-1

[Event "Tournoi n27434"]
[Site "www.echecsemail.com"]
[Date "2026.02.03"]
[Round "1"]
[White "Mokanne"]
[Black "Jlr"]
[WhiteElo "1450"]
[BlackElo "1430"]
[Result "0-1"]
1.e4 e5
2.Bf1c4 Ng8f6
3.d3 Bf8c5
4.Ng1h3 h6
5.a3 d6
6.f3 Nb8c6
7.c3 g5
8.Qd1e2 g4
9.Nh3g1 a6
10.Bc1e3 gxf3
11.Qe2xf3 b5
12.Bc4a2 Bc8g4
13.Qf3xf6 Qd8xf6
14.Be3xc5 dxc5
15.Nb1d2 Qf6h4
16.g3 Qh4d8
17.Ng1e2 Qd8xd3
18.Ba2xf7 Kxf7
19.Rh1f1 Ke6
20.Rf1f2 Qd3c2
21.Ra1b1 Ra8d8
22.Ne2g1 Rd8xd2
23.Rf2xd2 Qc2xb1
24.Kf2 Rh8f8
25.Kg2 Qb1f1
{ abandon }0-1

[Event "Défi( 10J+24H/c 10J Max )"]
[Site "www.echecsemail.com"]
[Date "2026.02.03"]
[Round "1"]
[White "Sylvia13"]
[Black "Titit1"]
[WhiteElo "1590"]
[BlackElo "1440"]
[Result "1-0"]
1.d4 d5
2.c4 Bc8f5
3.cxd5 Qd8xd5
4.Nb1c3 Qd5a5
5.Bc1d2 Qa5b6
6.e4 Bf5g6
7.Ng1f3 Qb6xb2
8.Ra1b1 Qb2a3
9.Rb1xb7 Qa3d6
10.Bf1d3 e6
11.e5 Qd6c6
12.Bd3b5 Qc6xb5
13.Nc3xb5 Nb8c6
14.Nb5xc7 Kd8
15.Nc7xa8 Kc8
16.Rb7c7 Kb8
17.Qd1b3 Kxa8
18.Qb3b7 1-0

[Event "Défi( 10J+24H/c 10J Max )"]
[Site "www.echecsemail.com"]
[Date "2026.02.03"]
[Round "1"]
[White "Jlr"]
[Black "Titit1"]
[WhiteElo "1390"]
[BlackElo "1460"]
[Result "0-1"]
1.e4 Ng8f6
2.Bf1d3 e5
3.b3 Nb8c6
4.Nb1c3 Bf8c5
5.Bd3c4 O-O
6.Qd1f3 a6
7.d3 Bc5d4
8.Bc1b2 d6
9.Ng1e2 Bd4a7
10.Nc3d5 Bc8e6
11.Nd5xf6 gxf6
12.Qf3g3 Kh8
13.f4 Rf8g8
14.Qg3h4 Be6xc4
15.dxc4 Rg8xg2
16.Ra1d1 Ba7f2
17.Qh4xf2 Rg2xf2
18.Kxf2 Nc6b4
19.fxe5 Nb4xc2
20.exd6 cxd6
21.e5 fxe5
22.Rd1d2 Nc2b4
23.a3 Nb4c6
24.Rh1d1 Qd8f6
25.Ke1 Ra8g8
26.Rd2xd6 Qf6h4
27.Kd2 Rg8g2
28.Rd6d7 Qh4f4
29.Kc2 Rg2xe2
30.Kb1 Qf4e4
31.Ka2 Qe4c2
32.Rd1b1 Nc6a5
33.Rd7d8 Kg7
34.Rb1g1 Kf6
35.Rg1f1 Ke6
36.Rd8e8 Kd7
37.Rf1b1 Qc2xb3
38.Ka1 Kxe8
39.h4 Na5xc4
40.a4 Re2xb2
41.Rb1xb2 Qb3xb2
0-1

[Event "Défi( 10J+24H/c 10J Max )"]
[Site "www.echecsemail.com"]
[Date "2026.02.03"]
[Round "1"]
[White "Antoniof4"]
[Black "Tian"]
[WhiteElo "1480"]
[BlackElo "1280"]
[Result "1-0"]
1.e4 e5
2.f4 exf4
3.Bf1c4 Bf8b4
4.c3 Bb4c5
5.d4 Bc5b6
6.Ng1f3 d5
7.exd5 Ng8f6
8.O-O Bc8g4
9.Bc1xf4 h6
10.h3 Bg4xf3
11.Qd1xf3 g5
12.Bf4g3 Nb8d7
13.Rf1e1 Kf8
14.Bg3e5 Qd8e8
15.Nb1d2 Rh8g8
16.Nd2b3 Nf6h7
17.Be5g7 Kxg7
18.Re1xe8 Rg8xe8
19.Kf2 c5
20.dxc6 Nd7f6
21.Ra1e1 Re8c8
22.Re1e7 Rc8f8
23.cxb7 Ra8b8
24.Nb3c5 Bb6d8
25.Re7e5 Bd8c7
26.Re5e7 Bc7d6
27.Re7e3 h5
28.Nc5e4 g4
29.hxg4 Nf6xg4
30.Ke2 Bd6e7
31.Re3d3 Rb8xb7
32.b4 Rb7c7
33.Bc4d5 f6
34.Qf3f5 Rf8d8
35.Qf5xh5 f5
36.Qh5xf5 Ng4f6
37.Ne4xf6 Be7xf6
38.Rd3g3 Kf8
39.Rg3g8 Ke7
40.Qf5e6 1-0

[Event "Coupe Niveau 2"]
[Site "www.echecsemail.com"]
[Date "2026.02.03"]
[Round "1"]
[White "Jlr"]
[Black "Nbelnico"]
[WhiteElo "1420"]
[BlackElo "1680"]
[Result "0-1"]
1.e4 e5
2.Ng1f3 d6
3.Bf1c4 h6
4.Nb1c3 a5
5.Qd1e2 c6
6.h3 b5
7.Bc4d3 Bf8e7
8.a4 bxa4
9.Ra1xa4 Bc8d7
10.Bd3c4 c5
11.Bc4d5 Ra8a7
12.Ra4a3 Ng8f6
13.Bd5c4 d5
14.exd5 e4
15.Nf3e5 Be7d6
16.Ne5xd7 Ra7xd7
17.Bc4b5 O-O
18.Bb5xd7 Nb8xd7
19.g3 c4
20.Qe2xc4 Nd7e5
21.Qc4a6 Bd6xa3
22.bxa3 Ne5f3
23.Ke2 Nf3d4
24.Kd1 Nf6xd5
25.Nc3xe4 Qd8c7
26.c3 Nd4b3
27.Bc1b2 Qc7d7
28.c4 Nd5c7
29.Qa6a7 f5
30.Kc2 fxe4
31.Kxb3 Qd7d3
32.Ka4 Qd3xc4
33.Kxa5 Qc4b5
0-1

[Event "Tournoi n27374"]
[Site "www.echecsemail.com"]
[Date "2026.02.03"]
[Round "1"]
[White "Nicadria22"]
[Black "Gonzok67"]
[WhiteElo "1920"]
[BlackElo "1890"]
[Result "1-0"]
1.e4 c5
2.Ng1f3 Nb8c6
3.d4 cxd4
4.Nf3xd4 e6
5.Nb1c3 a6
6.a3 Ng8e7
7.Bf1e2 Nc6xd4
8.Qd1xd4 Ne7c6
9.Qd4d1 g6
10.Bc1e3 Bf8g7
11.Qd1d2 O-O
12.Be3h6 b5
13.Bh6xg7 Kxg7
14.O-O Bc8b7
15.Ra1d1 Nc6e5
16.b3 Ra8c8
17.f4 Ne5c6
18.Qd2xd7 Qd8xd7
19.Rd1xd7 Bb7a8
20.Be2g4 Rf8e8
21.Nc3e2 Kf8
22.Rf1d1 Kg8
23.b4 Nc6e7
24.Bg4f3 Rc8xc2
25.Kf1 Rc2a2
26.Rd7d3 Kg7
27.Ne2d4 Re8d8
28.Nd4xe6 Kf6
29.Ne6xd8 Ne7c8
30.e5 Ke7
31.Bf3xa8 Nc8b6
32.Rd1c1 Nb6c4
33.Ba8d5 h5
34.Bd5xf7 Nc4d2
35.Ke1 Nd2c4
36.Bf7xc4 bxc4
37.Rc1xc4 Ra2xg2
38.Rc4c7 Ke8
39.Nd8e6 Rg2g1
40.Kf2 { abandon }1-0

[Event "OAHU 2"]
[Site "www.echecsemail.com"]
[Date "2026.02.03"]
[Round "1"]
[White "Casisimed"]
[Black "Yab414"]
[WhiteElo "1650"]
[BlackElo "1640"]
[Result "0-1"]
1.e4 e5
2.Ng1f3 Nb8c6
3.Bf1b5 d6
4.d4 Bc8d7
5.dxe5 a6
6.Bb5a4 Nc6xe5
7.Nf3xe5 dxe5
8.Ba4xd7 Qd8xd7
9.Qd1xd7 Kxd7
10.O-O Ra8d8
11.Rf1d1 Kc8
12.Rd1xd8 Kxd8
13.Bc1e3 Bf8d6
14.Nb1c3 Ng8f6
15.Ra1d1 Ke7
16.Nc3d5 Nf6xd5
17.Rd1xd5 c6
18.Rd5d1 f6
19.g3 b5
20.f4 h5
21.fxe5 fxe5
22.Be3g5 Ke6
23.Kf2 g6
24.a3 Bd6c5
25.Kg2 Rh8f8
26.Kh3 Bc5e7
27.Bg5xe7 Kxe7
28.Kh4 Rf8f2
29.h3 Rf2e2
30.Rd1c1 a5
31.Kg5 Kf7
32.Rc1f1 Kg7
33.Rf1f6 c5
34.Rf6xg6 Kf7
35.Kf5 Re2f2
36.Kg5 h4
37.gxh4 Rf2g2
38.Kf5 Rg2xg6
39.h5 Rg6f6
40.Kxe5 Rf6h6
41.Kf4 Rh6xh5
42.Kg4 Kg6
43.c3 Rh5e5
44.Kf4 Re5e8
45.e5 Re8f8
46.Kg3 Kf5
{ abandon }0-1

[Event "Eq:LES CHATTERBOX-Royal Kids :"]
[Site "www.echecsemail.com"]
[Date "2026.02.03"]
[Round "1"]
[White "Uji40"]
[Black "Nbelnico"]
[WhiteElo "1630"]
[BlackElo "1680"]
[Result "1-0"]
1.e4 e5
2.Ng1f3 d6
3.d4 exd4
4.Nf3xd4 Bf8e7
5.Nb1c3 Ng8f6
6.e5 dxe5
7.Nd4f3 Be7d6
8.Bc1g5 Bd6e7
9.Nf3xe5 O-O
10.Qd1d3 c6
11.O-O-O Qd8b6
12.Bg5e3 c5
13.Ne5c4 Qb6c7
14.g3 b5
15.Be3f4 Qc7b7
16.Rh1g1 g6
17.Bf1g2 Qb7a6
18.Bf4h6 bxc4
19.Qd3e2 Bc8g4
20.f3 Bg4e6
21.Bh6xf8 Be7xf8
22.h3 Nb8c6
23.f4 Ra8e8
24.Qe2d2 Bf8g7
25.Rg1e1 Re8d8
26.Qd2e3 Rd8e8
27.Qe3xc5 Re8c8
28.Bg2xc6 Bg7f8
29.Bc6b5 Qa6b7
30.Qc5e5 a6
31.Qe5xf6 Bf8g7
32.Rd1d8 Bg7f8
33.Rd8xc8 Qb7xc8
34.Bb5a4 Bf8g7
35.Qf6e7 Bg7f8
36.Qe7g5 Be6xh3
37.Nc3d5 Bh3e6
38.Nd5f6 Kg7
39.Re1h1 Qc8b7
40.Rh1xh7 1-0

[Event "Tournoi n27413"]
[Site "www.echecsemail.com"]
[Date "2026.02.03"]
[Round "1"]
[White "Hinnol"]
[Black "Geantvert"]
[WhiteElo "1990"]
[BlackElo "1850"]
[Result "1-0"]
1.Ng1f3 g6
2.e4 Bf8g7
3.g3 e6
4.Bf1g2 Ng8e7
5.c3 O-O
6.d4 b6
7.O-O Bc8b7
8.Rf1e1 d6
9.Bc1e3 Nb8d7
10.Nb1d2 c5
11.dxc5 dxc5
12.Qd1c2 Nd7e5
13.Nf3xe5 Bg7xe5
14.f4 Be5g7
15.Ra1d1 Qd8c7
16.Nd2f3 Ne7c6
17.e5 Rf8d8
18.h4 Rd8xd1
19.Re1xd1 Ra8d8
20.Nf3d2 Bg7f8
21.Nd2e4 Bf8e7
22.a3 Nc6a5
23.Ne4f6 Kg7
24.Rd1xd8 Be7xd8
25.Nf6e8 { abandon }1-0

[Event "Tournoi n27382"]
[Site "www.echecsemail.com"]
[Date "2026.02.03"]
[Round "1"]
[White "Air-3-bud"]
[Black "Verson"]
[WhiteElo "1850"]
[BlackElo "1850"]
[Result "1/2-1/2"]
1.d4 d5
2.Bc1f4 e6
3.Ng1f3 Ng8f6
4.e3 Bf8b4
5.c3 Bb4d6
6.Bf4e5 Nb8d7
7.Be5xd6 cxd6
8.Bf1d3 O-O
9.Nb1d2 e5
10.dxe5 dxe5
11.e4 Nd7c5
12.Bd3c2 Bc8g4
13.O-O dxe4
14.Nd2xe4 Qd8e7
15.Ne4xf6 Qe7xf6
16.Qd1d5 Bg4xf3
17.Qd5xf3 Qf6xf3
18.gxf3 { nul }1/2-1/2

[Event "Défi( 10J+24H/c 10J Max )"]
[Site "www.echecsemail.com"]
[Date "2026.02.03"]
[Round "1"]
[White "Goedendag"]
[Black "Pourquoipas"]
[WhiteElo "1830"]
[BlackElo "1650"]
[Result "1-0"]
1.e4 e5
2.Nb1c3 Ng8f6
3.f4 d6
4.Ng1f3 Bc8g4
5.fxe5 dxe5
6.Bf1c4 Bf8b4
7.Bc4xf7 Kxf7
8.Nf3xe5 Ke6
9.Ne5xg4 Kf7
10.Ng4xf6 Qd8xf6
11.Rh1f1 { abandon }1-0

[Event "ZGOUGOU"]
[Site "www.echecsemail.com"]
[Date "2026.02.03"]
[Round "1"]
[White "Youliyouli"]
[Black "4x4"]
[WhiteElo "1870"]
[BlackElo "1480"]
[Result "1-0"]
1.e4 e5
2.Ng1f3 Nb8c6
3.Nb1c3 Ng8f6
4.Bf1c4 d6
5.Nf3g5 Bc8e6
6.Bc4xe6 fxe6
7.Ng5xe6 Qd8d7
8.Ne6xf8 Rh8xf8
9.d3 O-O-O
10.Bc1e3 b6
11.a3 h6
12.h3 Nc6d4
13.Be3xd4 exd4
14.Nc3e2 c5
15.b4 Nf6h5
16.Ne2xd4 Nh5f4
17.g3 cxd4
18.gxf4 Rf8xf4
19.Qd1h5 Rd8f8
20.O-O Rf4f3
21.Kg2 Rf3f4
22.Qh5d5 Qd7c7
23.Ra1c1 g5
24.Qd5xd4 Qc7d7
25.Qd4d5 g4
26.Qd5a8 Kc7
27.Qa8xa7 Kd8
28.Qa7xb6 Ke7
29.Qb6e3 gxh3
30.Qe3xh3 Qd7xh3
31.Kxh3 Rf4xf2
32.Rf1xf2 Rf8xf2
33.b5 Kd7
34.a4 Kc7
35.Kg4 Kb6
36.c4 Rf2d2
37.Rc1c3 Kc5
38.Rc3b3 Rd2g2
39.Kh5 Rg2h2
40.Kg6 h5
41.Kg5 h4
42.Kg4 h3
43.b6 Rh2g2
44.Kxh3 Rg2g8
45.a5 Rg8a8
46.Rb3b5 Kc6
47.b7 Ra8b8
48.a6 Kc7
49.a7 Rb8xb7
50.a8Q Rb7xb5
51.cxb5 Kb6
52.Qa8c6 Ka5
53.b6 { abandon }1-0

[Event "2801"]
[Site "www.echecsemail.com"]
[Date "2026.02.03"]
[Round "1"]
[White "Turbo"]
[Black "4x4"]
[WhiteElo "1360"]
[BlackElo "1490"]
[Result "1-0"]
1.e4 e5
2.Ng1f3 d6
3.Bf1c4 Bc8e6
4.Bc4xe6 fxe6
5.O-O Nb8c6
6.a3 Qd8d7
7.h3 O-O-O
8.b4 Ng8f6
9.d3 Bf8e7
10.Nb1c3 Rd8f8
11.Qd1e1 h6
12.Qe1e3 g5
13.b5 Nc6d4
14.Nf3xd4 exd4
15.Qe3xd4 e5
16.Qd4xa7 c5
17.a4 Qd7c7
18.a5 Kd7
19.d4 exd4
20.Nc3a4 Rf8a8
21.Na4b6 Ke6
22.Nb6xa8 Qc7b8
23.Qa7xb8 Rh8xb8
24.Na8b6 Be7d8
25.f4 Nf6xe4
26.Rf1e1 Kf5
27.g4 Kf6
28.Nb6d5 Ke6
29.Nd5b6 Bd8xb6
30.axb6 Kd5
31.f5 Ne4c3
32.Ra1a5 Kc4
33.Kh2 Nc3d5
34.Re1e6 Nd5xb6
35.Re6xd6 Kb4
36.Bc1d2 Kc4
37.Rd6xb6 Kd5
38.Rb6e6 b6
39.Ra5a6 Kc4
40.Re6xb6 Rb8e8
41.Bd2c1 Re8e2
42.Kg3 Re2xc2
43.Bc1a3 Rc2c3
44.Kf2 Rc3xh3
45.Kg2 Rh3b3
46.Rb6b8 Rb3xb5
47.Rb8xb5 Kxb5
48.Ra6xh6 c4
49.f6 d3
50.f7 d2
51.Rh6h1 c3
52.f8Q c2
53.Qf8d8 d1Q
54.Rh1xd1 cxd1Q
55.Qd8xd1 Kc4
56.Kf3 Kc3
57.Ke4 Kc4
58.Qd1d4 Kb5
59.Qd4c3 Kb6
60.Ba3c5 Kc6
61.Qc3d4 Kc7
62.Qd4d6 Kb7
63.Qd6b6 Kc8
64.Qb6a7 Kd8
65.Ke5 Ke8
66.Qa7e7 1-0

[Event "2801"]
[Site "www.echecsemail.com"]
[Date "2026.02.03"]
[Round "1"]
[White "Turbo"]
[Black "Titit1"]
[WhiteElo "1360"]
[BlackElo "1440"]
[Result "0-1"]
1.d4 d5
2.Ng1f3 Nb8c6
3.c4 Bc8f5
4.Nf3h4 Bf5xb1
5.Ra1xb1 Qd8d7
6.c5 Ng8f6
7.e4 Nf6xe4
8.Bf1d3 Nc6xd4
9.b3 Ne4c3
10.Qd1c2 Nd4xc2
11.Kf1 Nc3xb1
12.Bd3xc2 Nb1c3
13.h3 e6
14.Bc1b2 Nc3b5
15.a4 Bf8xc5
16.axb5 Qd7xb5
17.Kg1 O-O
18.Rh1h2 Bc5d6
19.g3 Qb5e2
20.f3 Qe2e3
21.Rh2f2 Bd6xg3
{ abandon }0-1

[Event "DOUKIPUDONKTAN"]
[Site "www.echecsemail.com"]
[Date "2026.02.03"]
[Round "1"]
[White "Mindthegap"]
[Black "Petitlulu64"]
[WhiteElo "1460"]
[BlackElo "1690"]
[Result "0-1"]
1.e4 e5
2.Ng1f3 Ng8f6
3.Nf3xe5 d6
4.Ne5f3 Nf6xe4
5.Qd1e2 Qd8e7
6.d3 Ne4c5
7.Qe2xe7 Bf8xe7
8.Bf1e2 Nb8c6
9.Nb1c3 O-O
10.O-O Nc6b4
11.Be2d1 Bc8g4
12.Nc3d5 Nb4xd5
13.Nf3d4 Bg4xd1
14.Rf1xd1 Be7f6
15.c3 Nc5e6
16.Nd4xe6 fxe6
{ abandon }0-1

[Event "Tournoi n27420"]
[Site "www.echecsemail.com"]
[Date "2026.02.03"]
[Round "1"]
[White "Oranmore"]
[Black "Gognol"]
[WhiteElo "1930"]
[BlackElo "1890"]
[Result "1-0"]
1.d4 d5
2.c4 c6
3.cxd5 cxd5
4.Nb1c3 e6
5.a3 Bf8d6
6.e4 dxe4
7.Nc3xe4 Bd6c7
8.Bf1c4 h6
9.Ng1f3 Ng8f6
10.Ne4xf6 Qd8xf6
11.O-O Nb8c6
12.d5 Nc6a5
13.Bc4b5 Kf8
14.d6 a6
15.dxc7 { abandon }1-0

[Event "Tournoi n27416"]
[Site "www.echecsemail.com"]
[Date "2026.02.03"]
[Round "1"]
[White "Titi050"]
[Black "Estrafolis"]
[WhiteElo "1780"]
[BlackElo "1650"]
[Result "1-0"]
1.d4 g6
2.c4 e6
3.Nb1c3 Bf8g7
4.e4 Ng8e7
5.f4 b6
6.Ng1f3 Bc8b7
7.Bf1d3 Nb8c6
8.O-O Nc6xd4
9.Nf3xd4 Bg7xd4
10.Kh1 O-O
11.f5 exf5
12.exf5 Ne7xf5
13.Bd3xf5 gxf5
14.Qd1xd4 Qd8f6
15.Qd4xf6 { abandon }1-0

[Event "Tournoi n27411"]
[Site "www.echecsemail.com"]
[Date "2026.02.03"]
[Round "1"]
[White "Teaspoon"]
[Black "Gognol"]
[WhiteElo "1990"]
[BlackElo "1920"]
[Result "1-0"]
1.c4 c5
2.Nb1c3 Ng8f6
3.g3 Nb8c6
4.Bf1g2 Nc6a5
5.b3 e6
6.Ng1f3 a6
7.O-O Ra8b8
8.d4 h6
9.Bc1f4 d6
10.dxc5 e5
11.Bf4e3 e4
12.Nf3d2 Bc8f5
13.Nd2xe4 Nf6xe4
14.Nc3xe4 Bf8e7
15.cxd6 Be7f6
16.Ne4xf6 Qd8xf6
17.c5 Na5c6
18.a3 O-O
19.b4 Rf8d8
20.Qd1b3 Rd8d7
21.a4 Bf5g4
22.Rf1e1 Rb8a8
23.b5 axb5
24.Qb3xb5 Nc6a5
25.Ra1b1 Bg4f5
26.Be3d2 Qf6d8
27.e4 Bf5e6
28.f4 Na5c4
29.Bd2c1 Ra8a5
30.Qb5b4 f6
31.Bg2f1 Nc4xd6
32.cxd6 Rd7xd6
33.Qb4xb7 Ra5xa4
34.Qb7b8 Qd8xb8
35.Rb1xb8 Kh7
36.e5 fxe5
37.fxe5 Rd6c6
38.Bf1b5 { abandon }1-0

[Event "Défi( 10J+24H/c 10J Max )"]
[Site "www.echecsemail.com"]
[Date "2026.02.03"]
[Round "1"]
[White "Sylvia13"]
[Black "Sam"]
[WhiteElo "1590"]
[BlackElo "1660"]
[Result "1-0"]
1.d4 d5
2.c4 dxc4
3.e4 b5
4.a4 c6
5.axb5 cxb5
6.Nb1c3 Qd8b6
7.Ng1h3 Nb8c6
8.Bc1e3 Qb6b7
9.d5 Nc6e5
10.f4 Ne5g6
11.f5 Ng6e5
12.Be3f4 f6
13.Qd1h5 Kd8
14.Bf1e2 Ng8h6
15.Bf4xe5 fxe5
16.Nh3g5 Bc8d7
17.Qh5h3 g6
18.Ng5e6 Bd7xe6
19.fxe6 Bf8g7
20.Ra1a5 a6
21.Kd2 Ra8c8
22.Qh3e3 Rh8f8
23.g3 Qb7c7
24.Ra5xa6 Nh6g8
25.g4 Bg7h6
26.g5 Bh6g7
27.Nc3xb5 Qc7b7
28.Ra6b6 Qb7a8
29.Nb5a3 Qa8a5
30.Kc1 c3
31.Na3c4 cxb2
32.Rb6xb2 Qa5a1
33.Rb2b1 Qa1a2
34.Qe3b6 Ke8
35.Qb6b5 Kd8
36.Qb5d7 1-0

[Event "Eq:Royal Kids-La Diagonale du Fou :"]
[Site "www.echecsemail.com"]
[Date "2026.02.03"]
[Round "1"]
[White "Gimick"]
[Black "Manulatus"]
[WhiteElo "1540"]
[BlackElo "1930"]
[Result "0-1"]
1.e4 e6
2.Ng1f3 d5
3.e5 c5
4.b3 Nb8c6
5.Bc1b2 Ng8e7
6.Nf3g5 Ne7g6
7.Bf1b5 Bc8d7
8.f4 Nc6xe5
9.Bb5xd7 Ne5xd7
10.d3 h6
11.Ng5f3 Ng6xf4
12.Rh1g1 d4
13.Qd1d2 Bf8d6
14.Nb1a3 Qd8b6
15.O-O-O a5
16.Na3c4 Qb6c7
17.c3 Nf4d5
18.Kb1 Bd6f4
19.Qd2e1 b5
20.Nc4d2 dxc3
21.Bb2xc3 Nd5xc3
22.Kc1 Nc3xd1
23.Qe1xd1 O-O
24.Kc2 Nd7b6
25.a3 Rf8d8
26.Nd2e4 c4
27.bxc4 bxc4
28.d4 Qc7c6
29.Ne4c5 Nb6a4
30.Nc5xa4 Qc6xa4
31.Kb2 Ra8b8
{ abandon }0-1

[Event "Eq:Les enfants de l Atlantide-LES CHATTERBOX :"]
[Site "www.echecsemail.com"]
[Date "2026.02.03"]
[Round "1"]
[White "Fauconnier"]
[Black "Janolapin"]
[WhiteElo "2380"]
[BlackElo "1700"]
[Result "1-0"]
1.d4 d5
2.Ng1f3 Nb8c6
3.Bc1f4 e6
4.e3 Bf8d6
5.Bf4xd6 Qd8xd6
6.Nb1c3 Ng8f6
7.Bf1b5 Bc8d7
8.Bb5xc6 Qd6xc6
9.O-O O-O-O
10.Nf3e5 { abandon }1-0

[Event "Tournoi n27410"]
[Site "www.echecsemail.com"]
[Date "2026.02.03"]
[Round "1"]
[White "Patau"]
[Black "Wenoketo"]
[WhiteElo "1710"]
[BlackElo "1700"]
[Result "0-1"]
1.e4 c6
2.d4 e6
3.f4 d5
4.Nb1c3 Ng8e7
5.Ng1f3 dxe4
6.Nc3xe4 Nb8d7
7.Bf1d3 Nd7b6
8.O-O Ne7g6
9.Bc1e3 Bf8e7
10.Qd1e2 O-O
11.Ne4g5 Nb6d5
12.c4 Nd5xe3
13.Qe2xe3 h6
14.Ng5e4 Qd8c7
15.Nf3e5 Ng6xe5
16.fxe5 Rf8d8
17.Ne4d6 Be7xd6
18.exd6 Qc7xd6
19.Kh1 Qd6xd4
20.Qe3xd4 Rd8xd4
21.Ra1d1 Rd4d7
22.c5 b6
23.b4 b5
24.Bd3e4 Rd7xd1
25.Rf1xd1 Bc8b7
26.Rd1d7 Ra8b8
27.g4 Kf8
28.h4 Ke8
29.Rd7c7 g6
30.g5 h5
31.Kg2 a6
32.Kf3 Bb7a8
33.Be4xc6 Ba8xc6
34.Rc7xc6 Rb8a8
35.Rc6d6 Ke7
36.Ke4 Ra8a7
37.Ke5 Ra7a8
38.c6 Ra8a7
39.a3 Ra7c7
40.Rd6d7 Rc7xd7
41.cxd7 Kxd7
42.Kf6 Ke8
43.Ke5 Ke7
44.Ke4 Kd6
45.Kd4 e5
46.Ke4 Ke6
47.Ke3 Kf5
48.Kf3 e4
{ abandon }0-1

[Event "Coupe Niveau 2"]
[Site "www.echecsemail.com"]
[Date "2026.02.03"]
[Round "1"]
[White "Tartu"]
[Black "Patau"]
[WhiteElo "1720"]
[BlackElo "1700"]
[Result "1-0"]
1.f4 e5
2.fxe5 d6
3.exd6 Bf8xd6
4.Ng1f3 Ng8f6
5.Nb1c3 g5
6.e3 g4
7.Nf3d4 Rh8g8
8.Bf1c4 Nb8c6
9.Nd4xc6 bxc6
10.d4 Bc8e6
11.Bc4xe6 fxe6
12.e4 Bd6b4
13.Qd1d3 Nf6h5
14.O-O Qd8h4
15.Bc1d2 Bb4xc3
16.Bd2xc3 Rg8f8
17.Rf1xf8 Kxf8
18.Bc3b4 Kg7
19.g3 Qh4g5
20.Bb4d2 Qg5g6
21.Ra1f1 Ra8f8
22.Rf1xf8 Kxf8
23.Bd2b4 Kg7
24.Bb4d2 Qg6f6
25.e5 Qf6f3
26.Qd3xf3 gxf3
27.Kf2 Kg6
28.Kxf3 Kf5
29.g4 Kg6
30.gxh5 Kxh5
31.Kg3 Kg6
32.Kg4 h5
33.Kh4 c5
34.dxc5 Kf5
35.Bd2c3 Kg6
36.h3 c6
37.b4 a6
38.a4 Kh6
39.Bc3d4 Kg6
40.c4 Kh6
41.b5 { abandon }1-0

[Event "Coupe Niveau 1"]
[Site "www.echecsemail.com"]
[Date "2026.02.03"]
[Round "1"]
[White "Katastrofic"]
[Black "4x4"]
[WhiteElo "1370"]
[BlackElo "1480"]
[Result "0-1"]
1.e4 e5
2.Bf1c4 d6
3.d3 Bc8e6
4.Bc4xe6 fxe6
5.Ng1f3 Qd8e7
6.O-O Nb8c6
7.c3 O-O-O
8.a3 Ng8f6
9.Bc1g5 h6
10.Bg5xf6 gxf6
11.b4 Nc6b8
12.c4 Bf8g7
13.a4 Nb8c6
14.Qd1d2 h5
15.b5 Nc6d4
16.Nf3xd4 exd4
17.f4 e5
18.f5 Bg7h6
19.Qd2a5 Kb8
20.Nb1d2 Bh6e3
21.Rf1f2 Be3xf2
22.Kxf2 Qe7g7
23.Qa5b4 Qg7g5
24.Nd2f3 Qg5e3
25.Kf1 Qe3xd3
{ abandon }0-1

[Event "Jean 8"]
[Site "www.echecsemail.com"]
[Date "2026.02.03"]
[Round "1"]
[White "Orosco"]
[Black "Pgo"]
[WhiteElo "2220"]
[BlackElo "1760"]
[Result "1-0"]
1.e4 e5
2.Ng1f3 Nb8c6
3.Bf1b5 d6
4.c3 Bc8d7
5.d4 a6
6.Bb5e2 Ng8f6
7.Nb1d2 Bf8e7
8.d5 Nc6a7
9.Qd1b3 O-O
10.Qb3xb7 Qd8c8
11.Qb7xa6 Qc8xa6
12.Be2xa6 Bd7b5
13.Ba6xb5 Na7xb5
14.h3 h6
15.a4 Nb5a7
16.b4 g5
17.g4 Rf8c8
18.h4 Nf6xg4
19.hxg5 Be7xg5
20.Rh1g1 Bg5xd2
21.Nf3xd2 h5
22.f3 Kf8
23.fxg4 hxg4
24.Rg1xg4 Ke7
25.Nd2c4 c5
26.Rg4h4 Ra8b8
27.Bc1g5 Kd7
28.Rh4h7 cxb4
29.Rh7xf7 Ke8
30.Nc4xd6 1-0